000 00636cam a22002293a 4500
001 32625
003 PGUSA
005 20140828083715.0
008 100531s2010||||xxu|||||s|||||000 | eng d
040 _aPGUSA
_beng
042 _adc
050 4 _aBC
100 1 _aKeynes, John Maynard,
_d1883-1946
245 1 2 _aA Treatise on Probability
_h[electronic resource] /
_cJohn Maynard Keynes
260 _bProject Gutenberg,
_c2010
506 _aPublic domain in the USA.
516 _aElectronic text
653 _aProbabilities
830 0 _aProject Gutenberg
_v32625
856 4 0 _uhttp://www.gutenberg.org/ebooks/32625
942 _cEB
999 _c261880
_d261880